000 004380000a22001810004500
003 MACL
005 20151014122530.0
008 151014b xxu||||| |||| 00| 0 eng d
040 _aMACL
_cMACL
041 _aEnglish
082 _a920/NAN`
100 _aNanda, B R
_98980
245 _aGandhi And His Critics
260 _bOxford University Press
_c1985
_aNew Delhi
350 _a85
650 _aBiography
_914726
942 _cBK
_k920
_2ddc
999 _c5399
_d5399